| 000 | 00513cam a2200193ua 4500 | ||
|---|---|---|---|
| 001 | 5368 | ||
| 008 | 120829n ii |||gr||||Z||||||eng | ||
| 020 | _a978-81-7884-740-5 | ||
| 040 | _cMAIN | ||
| 082 | _a820 | ||
| 100 | 1 |
_aMathew, Abraham, _eAuthor. |
|
| 245 | 1 | 1 |
_aThe making of English literature _cby Abraham Mathew |
| 250 | _a1st. | ||
| 260 |
_aNew Delhi: _bCyber tech publications, _c2011. |
||
| 300 | _aviii,288p. | ||
| 653 | _aEnglish literature | ||
| 653 | _aMaking of English literature | ||
| 942 | _cBK | ||
| 999 |
_c4549 _d4549 |
||